|
|
|
|
| LEADER |
00853nam a22002177a 4500 |
| 005 |
20151026130043.0 |
| 008 |
090822t xxu||||| |||| 00| 0 eng d |
| 020 |
|
|
|a 0-697-14275-2
|
| 080 |
|
|
|a 577.1
|b ZUB
|
| 100 |
|
|
|a Zubay, Geoffrey L.
|9 3099
|
| 245 |
|
|
|a Principles of biochemistry
|
| 260 |
|
|
|a Dubuque
|b Brown, Wm.C.
|c 1995
|9 3100
|
| 300 |
|
|
|a xxxii, 863p.,illus.
|
| 500 |
|
|
|a Bibliog at the end of each chap.
"Accompanied by supplement Student study art note book"(129p.)
|
| 653 |
|
|
|a Bio chemistry
|
| 700 |
|
|
|a Parson, William W.
|9 3101
|
| 700 |
|
|
|a Vance, Dennis E.
|9 3102
|
| 942 |
|
|
|c REF
|6 _
|
| 999 |
|
|
|c 1395
|d 1395
|
| 952 |
|
|
|0 0
|1 0
|2 udc
|4 0
|6 5771_ZUB
|7 0
|9 5337
|a UL
|b UL
|d 2009-08-22
|o 577.1 ZUB
|p 00041591
|r 2009-08-22
|w 2009-08-22
|y REF
|
| 952 |
|
|
|0 0
|1 0
|2 udc
|4 0
|6 5771_ZUBS
|7 0
|9 5338
|a UL
|b UL
|d 2009-08-22
|o 577.1 ZUB-S
|p 00041592
|r 2009-08-22
|w 2009-08-22
|y REF
|